000
00263nam a2200109Ia 4500
008
190216s9999||||xx |||||||||||||| ||und||
100
_a
Sree Kandan Nair C N
245
0
_a
Nashta Kachavadam
260
_b
M S Book Depot
650
_a
Malayalam Nadakam
942
_c
BK
999
_c
24030
_d
24030